000 00879nam a2200205Ia 4500
999 _c40933
_d40933
001 7580
003 GE_BSU
005 20231227111056.0
008 181216s2012||||ge |||||||||||||| ||geo||
040 _cGE_BSU
041 _ageo
080 _a327(035)
100 _aმანველიძე, ირაკლი
_92014
245 _aსაერთაშორისო პოლიტიკის ლექსიკონ-ცნობარი /
_cირაკლი მანველიძე ; რედ. ნატალია ლაზბა.
264 _aბათუმი :
_bგ.გ.
_c2012.
300 _a90 გვ. ;
_c19 სმ.
653 _aსაერთაშორისო პოლიტიკის ლექსიკონ-ცნობარი
700 _aლაზბა, ნატალია
_eრედაქტორი
_96054
942 _cBK
_2udc